| 000 | 00516nam a22001697a 4500 | ||
|---|---|---|---|
| 020 | _a0060150424 | ||
| 022 | _a0063380021 | ||
| 082 |
_a658 _bPET _cD |
||
| 100 |
_aPeters, Thomas J _944612 |
||
| 245 |
_aIn search of excellence / _bLesson from american best rum companies _cThomas J , Peters |
||
| 260 |
_aUSA : _bHarper Collins Publishers, _c1991. |
||
| 300 | _axii, 360 p. : | ||
| 526 |
_a0 _b0 _c0 _d658_000000000000000_PET |
||
| 526 |
_a0 _b0 _c0 _d658_000000000000000_PET |
||
| 650 |
_aMCE _9379 |
||
| 942 |
_2ddc _cBK |
||
| 999 |
_c548357 _d548357 |
||